[Event "22nd OIBM 2018"]
[Site "Gmund am Tegernsee"]
[Date "2018.11.03"]
[Round "8"]
[White "Kannenberg, Karl-Heinz"]
[Black "Maruntis, Patrik-Robert"]
[Result "0-1"]
[WhiteElo "2182"]
[BlackElo "1680"]
[Annotator "NA"]
[PlyCount "68"]
[EventDate "2018.10.27"]
[EventType "swiss"]
[EventCountry "GER"]
[SourceTitle "playchess.com"]
[Source "ChessBase"]
[SourceQuality "1"]
[TimeControl "40/5400+30:1800+30"]

1. d4 {[%emt 0:00:00]} d5 {[%emt 0:00:00]} 2. Nf3 {[%emt 0:00:00]} Nf6 {[%emt 0:00:00]} 3. e3 {[%emt 0:00:12]} e6 {[%emt 0:00:46]} 4. Bd3 {[%emt 0:00:37]} Bd6 {[%emt 0:00:22]} 5. Nbd2 {[%emt 0:00:31]} Nbd7 {[%emt 0:02:41]} 6. c3 {[%emt 0:00:46]} b6 {[%emt 0:04:37]} 7. e4 {[%emt 0:04:33]} dxe4 {[%emt 0:00:49]} 8. Nxe4 {[%emt 0:00:10]} Be7 {[%emt 0:03:23]} 9. O-O {[%emt 0:13:10]} Bb7 {[%emt 0:00:58]} 10. Qe2 {[%emt 0:03:41]} Nxe4 {[%emt 0:10:23] C10: French with 3 Nc3: Unusual Black 3rd moves and 3...dxe4} 11. Bxe4 {[%emt 0:00:14]} Bxe4 {[%emt 0:00:05]} 12. Qxe4 {[%emt 0:00:10]} O-O {[%emt 0:00:38]} 13. Rd1 {[%emt 0:02:31]} c5 $146 {[%emt 0:19:15]} ({Predecessor:} 13... b5 14. Qe2 c6 15. a4 a6 16. Bf4 Nb6 17. axb5 axb5 18. Ne5 Qd5 {1-0 (58) Beerdsen,T (2404)-Fries Nielsen,J (2356) Hamburg 2016}) 14. Qe2 {[%emt 0:02:06]} Qc7 {[%emt 0:07:50]} 15. d5 {[%emt 0:12:35]} e5 {[%emt 0:00:26]} 16. c4 {[%emt 0:11:34]} f5 {[%emt 0:02:21]} 17. Ng5 {[%emt 0:02:37]} Bxg5 {[%emt 0:05:14]} 18. Bxg5 {[%emt 0:00:11]} Qd6 {[%emt 0:00:10]} 19. Bd2 {[%emt 0:02:19]} Rae8 {[%emt 0:04:24]} 20. Rac1 {[%emt 0:03:27]} f4 {[%emt 0:02:19]} 21. f3 {[%emt 0:01:18]} Qg6 {[%emt 0:10:47]} 22. Rf1 {[%emt 0:18:35]} e4 {[%emt 0:03:23]} 23. Bc3 $15 {[%emt 0:04:57]} exf3 {[%emt 0:01:37]} 24. Qxf3 {[%emt 0:00:15]} Re3 {[%emt 0:00:40]} 25. Qd1 {[%emt 0:01:15]} Rf5 {[%emt 0:06:33]} 26. Rf3 {[%emt 0:02:34]} Rg5 {[%emt 0:01:19]} 27. Qf1 {[%emt 0:01:12]} Re4 {[%emt 0:03:20]} 28. Re1 {[%emt 0:05:07]} Rxe1 {[%emt 0:02:13]} 29. Bxe1 {[%emt 0:00:11]} Qe4 {[%emt 0:00:54]} 30. Bc3 {[%emt 0:00:54]} Ne5 {[%emt 0:02:30]} 31. Bxe5 {[%emt 0:01:37]} Rxe5 {[%emt 0:00:21]} 32. Rxf4 {[%emt 0:01:42]} Qe3+ {[%emt 0:00:15]} 33. Kh1 {[%emt 0:00:09]} Qxf4 {[%emt 0:00:10]} 34. Kg1 Qe3+ 0-1

[Event "22nd OIBM 2018"]
[Site "Gmund am Tegernsee"]
[Date "2018.11.03"]
[Round "8"]
[White "Boehm, Juergen"]
[Black "Morawietz, Dieter"]
[Result "1/2-1/2"]
[WhiteElo "2174"]
[BlackElo "2408"]
[Annotator "TA"]
[PlyCount "68"]
[EventDate "2018.10.27"]
[EventType "swiss"]
[EventCountry "GER"]
[SourceTitle "playchess.com"]
[Source "ChessBase"]
[SourceQuality "1"]

{[%evp 12,68,52,44,58,49,48,35,94,31,39,35,41,29,44,37,83,20,57,12,7,0,0,0,0,0,0,0,0,-6,5,0,31,0,0,0,0,0,0,0,0,0,0,0,0,0,0,0,0,0,0,-14,-14,-14,-14,-14,-14,-14,-14]} 1. d4 Nf6 2. Bg5 Ne4 3. Bf4 d5 4. e3 c5 5. Bd3 e6 (5... Nf6 6. c3 Nc6 7. Nd2 Qb6 8. Rb1 Bg4 9. Ngf3 e6 10. Qa4 Be7 11. Ne5 O-O 12. Bg5 c4 13. Bc2 Bh5 14. Bxf6 gxf6 {1-0 (52) Mchedlishvili,M (2603)-Amin,B (2689) Riadh 2017}) 6. Bxe4 {A45: Trompowsky Attack} dxe4 7. Nc3 {LiveBook: 17 Games} f5 8. f3 $146 {White is slightly better.} ({Predecessor:} 8. dxc5 Qxd1+ 9. Rxd1 Bxc5 10. Nb5 Na6 11. Ne2 Kf7 12. Be5 Be7 13. Nd6+ Bxd6 14. Rxd6 {0-1 (47) Eichhorn,A (2238)-Hirsch,S (2226) Germany 2004}) 8... cxd4 9. Qxd4 Qa5 {[#]} (9... Qxd4 $14 10. exd4 Be7) 10. fxe4 (10. Bxb8 $1 $16 Rxb8 11. fxe4) 10... Nc6 $14 11. Qc4 Qb4 12. Qxb4 Bxb4 13. Nge2 fxe4 14. O-O ({Better is} 14. a3 $16 Bxc3+ 15. Nxc3) 14... O-O 15. Nxe4 e5 16. Bg3 Bf5 17. N2c3 Bxc3 18. Nxc3 Bxc2 19. Rxf8+ Rxf8 20. e4 h5 21. Rf1 Re8 22. Kf2 Rf8+ {The position is equal.} 23. Ke1 Rxf1+ 24. Kxf1 $11 {[%mdl 4096] Endgame Hoping for Ke2. KBN-KBN} b5 25. Ke2 {[#] Threatens to win with Kd2.} b4 26. Kd2 Nd4 27. Ne2 {And now Nxd4 would win.} Bxe4 28. Nxd4 exd4 {KB-KB} 29. Bf2 Bxg2 30. Bxd4 a6 31. Bc5 b3 32. axb3 g5 {[%cal Bg7g5,Bg5g4][%mdl 32]} 33. Be7 g4 34. Ke3 Kf7 {Precision: White = 55%, Black = 58%.} 1/2-1/2

[Event "22nd OIBM 2018"]
[Site "Gmund am Tegernsee"]
[Date "2018.11.03"]
[Round "8"]
[White "Gohla, Ulf"]
[Black "Martinovic, Sasa"]
[Result "0-1"]
[WhiteElo "2158"]
[BlackElo "2555"]
[Annotator "TA"]
[PlyCount "54"]
[EventDate "2018.10.27"]
[EventType "swiss"]
[EventCountry "GER"]
[SourceTitle "playchess.com"]
[Source "ChessBase"]
[SourceQuality "1"]

{[%evp 14,54,17,6,11,33,12,-52,-38,-56,-55,-100,-58,-92,-90,-97,-86,-87,-82,-91,-95,-95,-87,-122,-110,-165,-174,-204,-209,-200,-201,-284,-277,-279,-278,-277,-276,-346,-259,-320,-327,-397,-388]} 1. d4 Nf6 2. c4 b6 3. Nc3 Bb7 4. Nf3 e6 5. g3 Bb4 6. Bd2 Bxf3 {E21: Nimzo-Indian: 4 Nf3} (6... c5 7. dxc5 Bxc5 8. Bg2 O-O 9. O-O Nc6 10. Bf4 Na5 11. b3 d5 12. cxd5 Nxd5 13. Nxd5 Qxd5 14. Qxd5 Bxd5 {½-½ (33) Khismatullin,D (2634)-Tomashevsky,E (2702) Satka 2018}) 7. exf3 O-O 8. Bg2 {LiveBook: 5 Games} Nc6 {The position is equal.} 9. a3 Bxc3 10. bxc3 ({Better is} 10. Bxc3 $11 d5 11. f4) 10... Na5 11. Qa4 $146 ({Predecessor:} 11. Qe2 c6 12. O-O d5 13. cxd5 cxd5 14. f4 {0-1 (44) Kozlov,G-Romizin,N (2223) RCCA email 2002}) 11... d6 {[%cal Bd7d6,Bd6d5][%mdl 32]} 12. c5 d5 13. cxb6 axb6 14. Bg5 Ra7 (14... h6 {looks sharper.} 15. Bf4 Nc4 16. Qb3 b5 17. O-O c6) 15. O-O Qd7 16. Qxd7 Nxd7 17. Rfb1 Nc4 18. Bf1 Nxa3 ({And not} 18... Rxa3 19. Rxa3 Nxa3 20. Ra1 $14) 19. Bc1 (19. Re1 $17 {keeps fighting.}) 19... Rfa8 $19 20. Rb3 {[%cal Rb3a3]} Nc4 21. Rxa7 Rxa7 22. Rb4 (22. Bd3 $142) 22... Ra1 23. Bf4 {intending Kg2.} c6 24. Kg2 b5 25. Bc7 f6 26. f4 Kf7 27. g4 Rc1 {Precision: White = 20%, Black = 70%.} 0-1

[Event "22nd OIBM 2018"]
[Site "Gmund am Tegernsee"]
[Date "2018.11.03"]
[Round "8"]
[White "Meertens, Martin"]
[Black "Iniyan, P."]
[Result "0-1"]
[WhiteElo "2156"]
[BlackElo "2476"]
[Annotator "TA"]
[PlyCount "81"]
[EventDate "2018.10.27"]
[EventType "swiss"]
[EventCountry "GER"]
[SourceTitle "playchess.com"]
[Source "ChessBase"]
[SourceQuality "1"]

{[%evp 20,81,-46,-54,-37,-76,-58,-106,-103,-90,-43,-137,-131,-133,-122,-115,-116,-115,-124,-147,-82,-66,0,-35,0,0,0,0,0,-111,-102,-102,-91,-103,-72,-244,-206,-196,-201,-202,-191,-227,-217,-210,-216,-318,-303,-273,-288,-334,-313,-703,-695,-649,-593,-906,-904,-871,-879,-852,-867,-1013,-1002,-603]} 1. e4 c5 2. Nf3 d6 3. d4 cxd4 4. Nxd4 Nf6 5. Nc3 a6 6. Bg5 Nbd7 7. f4 b5 8. Qf3 Bb7 9. Bd3 e6 10. O-O-O Qb6 11. Nce2 {LiveBook: 3 Games} Be7 {B96: Sicilian Najdorf: 6 Bg5 e6 7 f4, lines other than 7...Qb6 and 7...Be7} 12. g4 (12. Rhe1 h6 13. Bh4 Nc5 14. Ng3 Ncd7 15. Nge2 Rc8 16. Bf2 Nc5 17. Ng3 O-O 18. Kb1 Qc7 19. Qe2 {½-½ (38) Moe,M (2233)-Genov,P (2435) Ballerup 2018}) 12... h6 13. Bh4 {[#]} g5 $146 {[%mdl 512] Black is better.} ({Predecessor:} 13... Nc5 14. Bxf6 Bxf6 15. h4 Na4 16. g5 Bxd4 17. Nxd4 Nxb2 18. Bxb5+ axb5 19. Kxb2 {½-½ (41) Grota,M (1872)-Lis,M (2151) Poronin 2013}) 14. Bf2 (14. fxg5 Ne5) 14... Qc7 {Strongly threatening ...Nc5.} 15. Nb3 (15. Kb1 $1 $15) 15... gxf4 $17 16. Nxf4 Ne5 17. Qe2 Nxd3+ 18. Nxd3 Nxe4 19. Rhf1 Bf6 ({Black should try} 19... a5 20. Be3 Bg5 21. Bxg5 hxg5) 20. Kb1 a5 {White must now prevent ...a4.} 21. Bd4 Bxd4 22. Nxd4 Qc4 23. Qe3 $1 Bd5 24. Nc1 (24. b3 $1 $11 {remains equal.} Nc3+ 25. Kb2) 24... Rc8 $36 {[%mdl 2048] White is under strong pressure.} 25. Rf4 {[#]} e5 $1 {[%cal Re5f4]} 26. Rxe4 {[#]} O-O $1 27. c3 $2 (27. Rf4 $17 exf4 28. Qxf4) 27... Bxe4+ 28. Qxe4 {b3 is the strong threat.} exd4 29. Rxd4 Qe6 30. Qxe6 fxe6 31. Rxd6 $19 {[%mdl 4096] Endgame KRR-KRN} b4 32. Kc2 (32. Rxe6 $142 bxc3 33. b3) 32... bxc3 33. bxc3 Rf2+ 34. Rd2 Rcf8 35. c4 $2 (35. Nd3 Rxd2+ 36. Kxd2) 35... Rxd2+ {Black is clearly winning.} 36. Kxd2 {KR-KN} Rf2+ 37. Ne2 Rxh2 38. Ke3 Kf7 39. c5 Ke7 40. Nc3 Rh3+ 41. Kd4 {Precision: White = 25%, Black = 74%.} 0-1

[Event "22nd OIBM 2018"]
[Site "Gmund am Tegernsee"]
[Date "2018.11.03"]
[Round "8"]
[White "Subramanian, Aditya"]
[Black "Meins, Gerlef"]
[Result "1/2-1/2"]
[WhiteElo "2151"]
[BlackElo "2408"]
[Annotator "TA"]
[PlyCount "53"]
[EventDate "2018.10.27"]
[EventType "swiss"]
[EventCountry "GER"]
[SourceTitle "playchess.com"]
[Source "ChessBase"]
[SourceQuality "1"]

{[%evp 20,53,93,97,76,72,126,33,42,17,14,-55,-42,-46,-4,-40,-12,-20,-3,-48,-45,-40,-30,-106,-36,-153,-144,-140,-39,-43,-12,-11,-10,-20,-23,-18]} 1. d4 Nf6 2. c4 e6 3. Nc3 Bb4 4. Qc2 d5 5. cxd5 exd5 6. Bg5 {[%cal Bc1g5,Bg5h4,Bh4g3][%mdl 32]} O-O 7. e3 h6 8. Bh4 {E35: Nimzo-Indian: Classical: 4...d5 5 cxd5 exd5} c5 9. dxc5 g5 (9... Be6 10. Nf3 Nbd7 11. Be2 Rc8 12. c6 bxc6 13. O-O Qa5 14. Nd4 Bd6 15. Rfd1 Rfe8 {0-1 (75) Vidit,S (2718)-Le,Q (2728) Danzhou 2018}) 10. Bg3 Ne4 11. Bd3 {LiveBook: 5 Games} Bxc3+ $146 ({Predecessor:} 11... Bf5 12. Nge2 Nd7 13. Bd6 Re8 14. O-O Bxc5 15. Bxe4 dxe4 16. Bxc5 Nxc5 {1-0 (46) Hirneise,T (2459)-Klekowski,M (2484) Germany 2018}) 12. bxc3 Qf6 ({Black should play} 12... Nd7) 13. Nf3 ({Better is} 13. Bxe4 $16 dxe4 14. Ne2) 13... Nd7 $14 14. O-O (14. Bd6 $5) 14... Ndxc5 15. c4 (15. Be5 $11 Qe7 16. Bd4) 15... Bf5 $1 $15 16. Be5 Qg6 17. cxd5 Nxd3 18. Qxd3 Ng3 19. Qb3 Nxf1 20. Rxf1 Be4 {Hoping for ...Qf5.} 21. Nd4 ({Don't play} 21. Qxb7 Qf5 $17) (21. Bg3 $11) 21... Qb6 (21... Rad8 $17 22. d6 Bxg2 23. Kxg2 Qe4+ 24. Nf3 g4) 22. Qa3 (22. d6 $15) 22... Rfe8 $17 23. Bd6 {[#]} Bxd5 (23... Rad8 $1 $17 24. Bc5 Qg6) 24. Nf5 $1 $15 {Threatens to win with Qc3.} Kh7 {next ...Be6 is good for Black.} 25. Qc3 {[%csl Gf5][%cal Rc3g7]} Kg6 26. Ne7+ Rxe7 $1 27. Bxe7 {Precision: White = 20%, Black = 43%.} 1/2-1/2

[Event "22nd OIBM 2018"]
[Site "Gmund am Tegernsee"]
[Date "2018.11.03"]
[Round "8"]
[White "Jerie, Sven"]
[Black "Zajogin, Alexander"]
[Result "0-1"]
[WhiteElo "2133"]
[BlackElo "2408"]
[Annotator "TA"]
[PlyCount "114"]
[EventDate "2018.10.27"]
[EventType "swiss"]
[EventCountry "GER"]
[SourceTitle "playchess.com"]
[Source "ChessBase"]
[SourceQuality "1"]

{[%evp 16,114,-10,-20,-17,-10,-10,-17,-21,-26,-20,-28,45,44,36,0,0,0,13,0,0,0,0,0,0,0,0,0,62,62,60,47,44,29,38,27,45,56,55,55,55,43,41,25,24,22,31,25,39,9,14,0,33,23,47,13,31,0,7,0,0,0,0,0,0,0,0,-94,-90,-114,-53,-118,-110,-139,-64,-349,0,-422,-118,-259,-249,-259,-253,-238,-172,-287,-247,-681,-908,-879,-842,-828,-825,-949,-910,-2535,-2245,-29981,-29982,-12842,-12842]} 1. Nf3 d5 2. d4 e6 3. Bf4 c5 4. c3 Nc6 5. e3 Nf6 6. h3 Bd6 7. Bxd6 {D02: 1 d4 d5 2 Nf3 sidelines, including 2...Nf6 3 g3 and 2...Nf6 3 Bf4} Qxd6 8. Nbd2 O-O 9. Bb5 {LiveBook: 11 Games. The position is equal.} (9. Be2 e5 10. dxe5 Nxe5 11. Nxe5 Qxe5 12. O-O Bf5 13. Nf3 Qe7 14. Bd3 Be4 {½-½ (53) Ondozi,M (2402)-Diermair,A (2501) Batumi 2018}) 9... a6 10. Bxc6 Qxc6 $146 ({Predecessor:} 10... bxc6 11. Ne5 Nd7 12. Ndf3 f6 13. Nxd7 Bxd7 14. O-O e5 {0-1 (34) Hemala,J (1742)-Nahalka,J (1761) Slovakia 2018}) 11. Ne5 Qc7 12. O-O b6 {[%cal Bb7b6,Bb6b5][%mdl 32]} 13. b4 Ne4 ({Black should try} 13... c4 $11) 14. Nxe4 $14 dxe4 15. Qb3 f6 16. Nc4 b5 17. Nd2 c4 18. Qc2 f5 $1 19. a4 {[#] Hoping for axb5.} Bd7 20. axb5 axb5 21. Qb2 Ra4 ({Better is} 21... Bc6 $11) 22. Rxa4 bxa4 23. Qa2 Rc8 24. Rb1 {[#] aiming for b5.} Bb5 25. Ra1 h6 26. Nb1 Qc6 27. Na3 Ra8 28. Qc2 Qd5 29. Nxb5 (29. Qe2 {looks sharper.} g5 30. Kf1 Bd7 31. Ke1 Rc8 32. Rb1) 29... Qxb5 {[%mdl 4096] Endgame KQR-KQR} 30. Ra3 Kf7 31. Qd1 g6 32. Qe2 Qd5 33. Qd1 Qc6 34. Kf1 Ke7 35. Qb1 Qb5 36. Qd1 Kd6 37. Kg1 Kc7 38. Qe2 Kb6 39. Qd1 Qc6 40. Qe2 Kb5 41. f4 (41. Kf1 $11) 41... exf3 $1 $17 42. gxf3 Qd5 (42... g5 $17) 43. Qg2 (43. Kg2 $15) 43... e5 44. e4 Qe6 (44... Qd8 $17 45. d5 Qb6+ 46. Qf2 fxe4 47. Qxb6+ Kxb6 48. fxe4 Kb5) 45. Qc2 $2 {[%mdl 8192]} ({White should play} 45. d5 $15 Qb6+ 46. Qf2) 45... Qb6 $2 (45... exd4 $19 {Threatens to win with ...fxe4.} 46. cxd4 Qd6) 46. Qf2 $2 {[%mdl 8192]} (46. exf5 $11 {and White is okay.} exd4 47. Qe4 dxc3+ 48. Kg2) 46... Rd8 $2 (46... exd4 $19 {has better winning chances.} 47. cxd4 Rd8) 47. d5 (47. dxe5 $17 {was the only chance.} Qxf2+ 48. Kxf2) 47... Qxf2+ $19 48. Kxf2 fxe4 49. fxe4 {KR-KR} Rf8+ 50. Ke2 (50. Kg2 {was forced.}) 50... Rf4 51. Ke3 $2 (51. Ra1) 51... Rh4 52. Ra1 Rxh3+ 53. Kd2 g5 54. Rf1 a3 {[%cal Ba4a3,Ba3a2][%mdl 32]} 55. Rf8 a2 56. Ra8 Rh1 57. Ra5+ Kb6 {Precision: White = 29%, Black = 46%.} 0-1

[Event "22nd OIBM 2018"]
[Site "Gmund am Tegernsee"]
[Date "2018.11.03"]
[Round "8"]
[White "Huber, Benedikt"]
[Black "Wacker, Peter"]
[Result "1-0"]
[WhiteElo "2116"]
[BlackElo "2313"]
[Annotator "TA"]
[PlyCount "107"]
[EventDate "2018.10.27"]
[EventType "swiss"]
[EventCountry "GER"]
[SourceTitle "playchess.com"]
[Source "ChessBase"]
[SourceQuality "1"]

{[%evp 22,107,35,27,25,27,31,0,0,0,0,0,0,0,0,0,1,0,0,0,69,66,72,63,68,0,97,91,173,172,156,169,170,172,188,168,276,285,309,295,283,281,446,444,463,466,462,445,566,558,550,542,575,364,364,364,451,450,446,439,435,427,516,457,414,368,368,360,795,757,12822,12824,12426,11086,10656,9677,8417,5202,5816,10005,5297,2106,12840,12840,12839,12838,12841,12841]} 1. d4 Nf6 2. Bf4 e6 3. e3 c5 4. c3 b6 5. Nf3 Bb7 6. Nbd2 cxd4 7. exd4 Be7 8. Bd3 O-O 9. h3 d6 10. O-O Nbd7 {A47: 1 d4 Nf6 2 Nf3 b6: Torre, London and Colle Systems} 11. Re1 (11. Qe2 a6 12. a4 Re8 13. Bh2 h6 14. Rfe1 Bf8 15. Nc4 Qc7 16. Ne3 Nd5 17. Nxd5 Bxd5 18. Bxa6 Bxf3 19. gxf3 {1-0 (34) Carlsen,M (2837)-Akobian,V (2647) Riadh 2017}) 11... Re8 12. Bg3 {LiveBook: 3 Games} Qc7 {White has an edge.} 13. a4 a6 14. c4 $146 ({Predecessor:} 14. Nc4 Bc6 15. Qe2 Nf8 16. Nfd2 {½-½ (35) Kosic,D (2483)-Radovanovic,D (2372) Valjevo 2011}) 14... Bf8 15. Rc1 a5 16. Ne4 Bxe4 17. Bxe4 Nxe4 18. Rxe4 Rac8 19. b3 Qb7 20. Re2 e5 (20... d5 $11) 21. dxe5 $14 dxe5 22. Nxe5 Nc5 23. Rc3 (23. Rd2 $14) 23... Ne4 (23... Rcd8 $11 {keeps the balance.} 24. Qc2 f6) 24. Rd3 $16 Bc5 (24... Nxg3 $16 25. Rxg3 Rcd8) 25. Nd7 $18 Bb4 26. Be5 {[%cal Bg3e5,Be5b2,Bb2d4][%mdl 32] Hoping for Bxg7!} f6 27. Bb2 Qc6 28. Rd5 Qc7 (28... Bd6 {was necessary.}) 29. Bd4 Bc5 30. Nxc5 bxc5 31. Qd3 f5 (31... Qb8 {is a better defense.} 32. Rxe4 Rxe4 33. Qxe4 Re8) 32. Rxf5 Ng3 33. Rxe8+ ({Weaker is} 33. fxg3 cxd4 34. Rd5 Rxe2 $18) (33. Qxg3 Rxe2 34. Be5 (34. Rxc5 Re1+ 35. Kh2 Qxg3+ 36. Kxg3 Rxc5 $11) (34. Bxc5 Qxg3 35. fxg3 g6 $15) 34... Qd7 $16) 33... Rxe8 34. Qxg3 Qxg3 35. fxg3 cxd4 36. Rxa5 {[%mdl 4096] Endgame KR-KR} Re3 37. Rd5 Rxb3 38. Rxd4 Rb4 39. a5 Ra4 40. Rf4 Rxa5 41. Kf2 Ra2+ 42. Kf3 Rc2 43. h4 Rc3+ 44. Kg4 h5+ $2 {[#]} (44... g6 45. Rd4 h6 46. Rd8+ Kf7) 45. Kxh5 {White is clearly winning.} Rxg3 46. Rg4 Re3 47. Kg6 Re6+ 48. Kf5 Re2 49. g3 {[%cal Bg2g3,Bg3g4,Bg4g5][%mdl 32]} Kf7 50. Re4 Rg2 51. g4 g6+ 52. Kg5 Ra2 53. Kh6 Ra6 54. g5 {Precision: White = 82%, Black = 36%.} 1-0

[Event "22nd OIBM 2018"]
[Site "Gmund am Tegernsee"]
[Date "2018.11.03"]
[Round "8"]
[White "Schoetzig, Detlef"]
[Black "Imnadze, Nato"]
[Result "1-0"]
[WhiteElo "2102"]
[BlackElo "2291"]
[Annotator "TA"]
[PlyCount "103"]
[EventDate "2018.10.27"]
[EventType "swiss"]
[EventCountry "GER"]
[SourceTitle "playchess.com"]
[Source "ChessBase"]
[SourceQuality "1"]

{[%evp 15,103,15,10,0,0,-21,-12,-24,10,8,12,-31,7,12,14,15,18,24,59,47,67,60,63,67,85,81,96,98,107,97,104,93,135,130,213,206,210,214,203,207,262,262,254,157,168,0,252,169,297,176,162,148,143,147,196,156,183,141,162,150,285,176,396,310,698,694,687,682,675,662,654,656,842,836,959,870,6315,6310,6303,6299,5414,5414,29983,29984,29984,29985,29985,6024,5078,4978]} 1. d4 g6 2. Nf3 Bg7 3. Nc3 d5 4. Bf4 c6 5. e3 Nf6 6. h3 O-O 7. Be2 Re8 {D00: 1 d4 d5: Unusual lines} (7... Bf5 8. O-O Nbd7 9. Qc1 Re8 10. Bh2 Ne4 11. Nxe4 Bxe4 12. Ng5 Bf5 13. g4 e5 14. Nxf7 Kxf7 15. gxf5 exd4 {1-0 (45) Aronian,L (2793)-Giri,A (2771) Stavanger 2017}) 8. O-O Nbd7 {LiveBook: 15 Games} 9. Ne5 Nf8 {The position is equal.} 10. Bh2 N6d7 11. Nd3 b6 $146 ({Predecessor:} 11... e5 12. dxe5 Nxe5 13. Nxe5 Bxe5 14. Bxe5 Rxe5 15. Qd2 Re8 16. Rad1 Bf5 17. Rfe1 Qf6 18. Bd3 Bxd3 19. cxd3 Ne6 20. d4 Ng5 {½-½ (20) Brestian,E (2428)-Stanec,N (2504) Austria 2002}) 12. a4 a5 13. Rb1 Ba6 14. Qd2 Bxd3 15. cxd3 Ne6 16. Rfc1 f5 17. Nd1 Rc8 18. b4 axb4 19. Qxb4 Nef8 20. Qb3 e5 21. dxe5 Bxe5 22. Bxe5 Rxe5 23. d4 Re8 24. Rc2 Ne6 (24... Kg7 $16) 25. Rbc1 $18 Nb8 26. Bf3 Rc7 27. Qxb6 Qd6 28. Nc3 Nd7 29. Qa6 Nb8 30. Qb6 (30. Qf1 $142) 30... Nd7 31. Qa5 {[%cal Rc3d5] Strongly threatening Nxd5!} Rb7 {[#]} (31... Rec8 {might work better.} 32. Qa6 Nb8) 32. Qa6 (32. Nxd5 $142 $1 {[%mdl 512]} cxd5 33. Bxd5) 32... Rb6 33. Qd3 Ra8 34. Ra2 Rb3 35. Qc2 $36 {[%mdl 2048] White is really pushing.} Rb4 36. Rb1 Ng5 37. Be2 Rab8 (37... Ra5 $16 38. Rxb4 Qxb4) 38. Rab2 Nf6 $2 (38... Rxb2 39. Rxb2 Ra8) 39. a5 {[%cal Ba4a5,Ba5a6,Ba6a7][%mdl 32]} Nge4 $2 (39... Rxb2 40. Rxb2 f4 41. Rxb8+ Qxb8 42. exf4 Qxf4) 40. Nxe4 Nxe4 41. a6 {Black must now prevent Rxb4.} Rxb2 42. Rxb2 Rf8 43. Bd3 Qa3 44. Ra2 Qb4 45. Bxe4 fxe4 {[%mdl 4096] Endgame KQR-KQR} 46. a7 Qb7 47. Qb2 Qa8 48. Qb6 Rf7 49. Qb8+ Rf8 50. Rb2 Kg7 51. Qxf8+ (51. Rb7+ $142 Kg8 {[#]} 52. Qxf8+ $1 {[%mdl 512]} Qxf8 53. Rb8 Qxb8 54. axb8=Q+ Kf7 55. Qc7+ Ke6 56. Qxc6+ Ke7 57. Qxd5) 51... Qxf8 52. Rb8 {Precision: White = 75%, Black = 33%.} 1-0

[Event "22nd OIBM 2018"]
[Site "Gmund am Tegernsee"]
[Date "2018.11.03"]
[Round "8"]
[White "Hanisch, Sebastian"]
[Black "Colpe, Malte"]
[Result "0-1"]
[WhiteElo "2093"]
[BlackElo "2379"]
[Annotator "TA"]
[PlyCount "138"]
[EventDate "2018.10.27"]
[EventType "swiss"]
[EventCountry "GER"]
[SourceTitle "playchess.com"]
[Source "ChessBase"]
[SourceQuality "1"]

{[%evp 15,138,25,35,11,54,0,0,0,0,16,0,18,42,52,49,27,68,43,101,25,32,35,29,6,18,0,8,-1,-4,0,0,-12,-4,-3,0,0,0,0,0,-57,19,-7,219,214,218,217,210,217,217,217,213,212,213,211,208,214,214,210,214,210,232,232,241,270,289,217,285,260,367,335,356,351,267,-102,0,0,113,109,123,0,14,-272,163,0,0,-1008,-1000,-992,-955,-737,-16,-10,-12,-13,-14,-16,-22,-26,-51,-38,-13,-56,-8,-8,-8,-8,-8,-8,-8,-8,0,-29978,-29979,-29980,-29981,-29982,-29983,-29983,-29984,-29984,-29985,-29985,-29986,-29986,-29985]} 1. d4 Nf6 2. Bf4 g6 3. Nc3 Bg7 4. Qd2 d5 5. Bh6 Bxh6 6. Qxh6 {D01: Veresov Opening} c5 7. dxc5 Qa5 8. O-O-O Nc6 {LiveBook: 3 Games} 9. Nf3 {[%cal Bg1f3,Bf3d2,Bd2b3][%mdl 32]} Bf5 $146 ({Predecessor:} 9... Qxc5 10. e3 Bg4 11. Bb5 Bxf3 12. gxf3 a6 13. Bxc6+ bxc6 {1-0 (70) Dimakiling,O (2401)-Andersen,M (2601) Abu Dhabi 2018}) 10. a3 O-O-O 11. e3 $1 Ne4 12. Nxe4 dxe4 13. Nd2 Ne5 14. Be2 Qxc5 15. Nb3 Qc7 16. Kb1 Bg4 (16... Qb6 $14) 17. f3 (17. Rxd8+ $1 $16 Rxd8 18. Bxg4+ Nxg4 19. Qxh7) 17... exf3 $11 18. gxf3 Bd7 19. Qf4 f6 20. h4 Kb8 21. Rd4 Nc6 22. Qxc7+ Kxc7 23. Rd2 (23. Rd3 {looks sharper.} b6 24. Rc3 Kb7 25. f4 Be6 26. Kc1) 23... Be6 24. Rxd8 Rxd8 25. Nc5 Bf7 26. f4 Rd2 27. Bd3 ({White should try} 27. Re1 $11) 27... b6 ({Better is} 27... Bd5 $15 28. Be4 Bxe4 29. Nxe4 Rg2) 28. Ne4 Rg2 $2 (28... Bd5 $1 $11) 29. Bf1 $18 Rg4 30. Be2 h5 {White should prevent ...Bd5.} 31. Bxg4 hxg4 {[%mdl 4096] Endgame KRN-KBN} 32. Rg1 Bd5 33. Nd2 f5 34. c4 Bf7 35. Kc2 e5 36. Kd3 Kd6 37. b4 Nd8 38. fxe5+ Kxe5 39. Nb3 b5 40. Nd2 bxc4+ 41. Nxc4+ Bxc4+ (41... Kf6 {was worth a try.} 42. Nd6 Bb3) 42. Kxc4 {KR-KN} Ke4 43. Rg3 $1 Nf7 44. Kb5 $2 (44. b5 $18) 44... Ne5 (44... Kd3 $1 $17) 45. Ka6 $1 $11 {[%cal Ra6a7]} Nf3 (45... Nc4 $11 {remains equal.}) 46. Kxa7 $16 {Black must now prevent b5.} Kxe3 47. Rg2 (47. b5 $16 Kf2 48. b6 Kxg3 49. b7) 47... Nd4 ({Don't go for} 47... Nxh4 $2 48. Rc2 $18) 48. Kb6 $2 {[%mdl 8192] [#]} (48. a4 $11 {and White stays safe.} Kf3 49. Rg1) 48... Kf3 $4 {[%mdl 8192]} (48... Ne2 $1 $19 {Hoping for ...f4.} 49. b5 Kf3) 49. Rd2 $2 ({Only move:} 49. Rg1 $18 Nc2 50. Rc1) 49... Ke3 $11 50. Rb2 $2 {[%mdl 8192]} (50. Rg2 $11 Ne2 51. b5) 50... f4 $19 51. a4 f3 52. a5 f2 $2 ({Black should play} 52... g3 $19 53. a6 f2) 53. Rxf2 $1 $11 Kxf2 {KN-K3P} 54. a6 g3 55. a7 g2 {And now ...Kg3 would win.} 56. a8=Q {aiming for Qa2+.} g1=Q {Strongly threatening ...Qe1.} 57. Qe4 Nf3 58. Kb7 Qg2 {...Nd4 is the strong threat.} (58... Qg3 {is interesting.} 59. Qc2+ Kg1 60. b5 Ne5 61. b6 Qf3+) 59. b5 Ne5 60. Qxg2+ Kxg2 {KN-KPP} 61. Kc7 Nc4 62. Kc6 $1 Kg3 63. Kd5 $2 {[%mdl 8192] [#]} (63. Kc5 $11 Nb2 64. Kb4) 63... Nb6+ $1 {Black mates.} 64. Kc5 Nc8 65. Kd5 Kxh4 66. Ke6 g5 67. Kd7 Nb6+ 68. Kc6 Na4 69. Kb7 Nc3 {Precision: White = 48%, Black = 54%.} 0-1